History of the Sikhs / (Record no. 136590)

MARC details
000 -LEADER
fixed length control field 00718nam a22002297a 4500
010 ## - LIBRARY OF CONGRESS CONTROL NUMBER
LC control number A-540983
020 ## - INTERNATIONAL STANDARD BOOK NUMBER
International Standard Book Number 8121505400
035 ## - SYSTEM CONTROL NUMBER
System control number A-540983
037 ## - SOURCE OF ACQUISITION
Source of stock number/acquisition Cen Lib / Ret
040 ## - CATALOGING SOURCE
Original cataloging agency DPL
Language of cataloging EN
082 ## - DEWEY DECIMAL CLASSIFICATION NUMBER
Classification number 954.07
Item number GUP
100 ## - MAIN ENTRY--PERSONAL NAME
Personal name Gupta, Hari Ram
245 ## - TITLE STATEMENT
Title History of the Sikhs /
Statement of responsibility, etc by Hari Ram Gupta
260 ## - PUBLICATION, DISTRIBUTION, ETC. (IMPRINT)
Place of publication, distribution, etc New Delhi
Name of publisher, distributor, etc Munshiram Manoharlal Publishers Pvt Ltd
Date of publication, distribution, etc 1991
270 ## - ADDRESS
Address Post Box 5715, 54 Rani Jhansi Road
City New Delhi
Postal code 110055
300 ## - PHYSICAL DESCRIPTION
Extent v 5. ; ix, 630
Other physical details 24cm(Hb)
505 ## - FORMATTED CONTENTS NOTE
Formatted contents note v. 5. The Sikh kingdom its rise and fall, 1799-1849
650 ## - SUBJECT ADDED ENTRY--TOPICAL TERM
Topical term or geographic name as entry element Sikhs -- History.
650 ## - SUBJECT ADDED ENTRY--TOPICAL TERM
Topical term or geographic name as entry element Punjab (India) -- History.
650 ## - SUBJECT ADDED ENTRY--TOPICAL TERM
Topical term or geographic name as entry element Sikhs.
942 ## - ADDED ENTRY ELEMENTS (KOHA)
Source of classification or shelving scheme Dewey Decimal Classification
Koha item type English Books
Classification part 954.07
Call number suffix GUP
Holdings
Withdrawn status Lost status Source of classification or shelving scheme Materials specified (bound volume or other part) Damaged status Not for loan Home library Current library Date acquired Source of acquisition Total Checkouts Total Renewals Full call number Barcode Date last seen Date checked out Copy number Price effective from Koha item type
    Dewey Decimal Classification v 5     Central Library Central Library 05/03/2016 Cen Lib/Ret 4 6 954.07 GUP A-540983 25/11/2024 26/09/2024 1 05/03/2016 English Books

© Delhi Public Library
Hit Counter
free hit counter